Historia de Nicaragua

Bibliographic Details
Main Author: Kinloch Tijerino, Frances
Format: Section = Libro
Language:Undetermined
Spanish
Published: Managua IHNCA/UCA 2006
Edition:2a.ed.
Subjects:
LEADER 00586nam a2200229Ia 4500
008 240829s9999 xx 000 0 und d
020 |a 99924-869-6-1 
040 |a BIBLIOTECA-RUSB/ 972.85 K55 
041 |a spa 
082 |a 972.85 K55 
100 1 |a Kinloch Tijerino, Frances 
245 1 0 |a Historia de Nicaragua 
250 |a 2a.ed. 
260 |a Managua  |b IHNCA/UCA  |c 2006 
300 |a 409 p. :il. 
650 7 |a HISTORIA DE NICARAGUA 
650 7 |b  ACONTECIMIENTOS HISTORICOS 
650 7 |c  EPOCA COLONIAL 
650 7 |d  CRICIS POLITICA 
942 |c BK  |2 ddc 
991 |a TEXTO 
999 |c 5561